Fr. Conceicao Rodrigues College of Engineering

Finite element analysis with ANSYS workbench (Record no. 34041)

MARC details
000 -LEADER
fixed length control field 00342nam a2200157Ia 4500
082 ## - DEWEY DECIMAL CLASSIFICATION NUMBER
Item number DEC
100 ## - MAIN ENTRY--PERSONAL NAME
Personal name Dechaumphai/Pramote
245 ## - TITLE STATEMENT
Title Finite element analysis with ANSYS workbench
260 ## - PUBLICATION, DISTRIBUTION, ETC.
Name of publisher, distributor, etc. Narosa
Date of publication, distribution, etc. 2018
366 ## - TRADE AVAILABILITY INFORMATION
Publishers's discount category 25
300 ## - PHYSICAL DESCRIPTION
Extent 272
546 ## - LANGUAGE NOTE
Language note ENGLISH
650 ## - SUBJECT ADDED ENTRY--TOPICAL TERM
Topical term or geographic name entry element Finite Element
654 ## - SUBJECT ADDED ENTRY--FACETED TOPICAL TERMS
Focus term metallurgy
942 ## - ADDED ENTRY ELEMENTS (KOHA)
Koha item type BOOK
Holdings
Withdrawn status Lost status Damaged status Not for loan Collection Home library Current library Date acquired Source of acquisition Cost, normal purchase price Inventory number Total Checkouts Full call number Barcode Date last seen Cost, replacement price Price effective from Koha item type
        CRC Fr. Agnel's C.Rodrigues College of Engineering Fr. Agnel's C.Rodrigues College of Engineering 17/03/2023 Allied Publishers 322.50 775 dt 14.03.2019   DEC 25555 17/03/2023 430.00   BOOK